00488nam a2200193 a 4500001001300000003000900013005001700022008004100039020001000080082001500090100002300105245001800128260004100146300000900187500003500196505001500231650002500246700002300271nice12345678IN_TiNIC20260116015048.0050524s1995 ahma grp 000 0 urd  ac10000a923.2bHUS aHussain, Syed Abid aTalaash-E-Haq aAhmedabadbNavjivan Pub.House c1995 a708p aincludes index and biblioraphy2 aAppendices aGandhi M K-Biography1 aHussain, Syed Abid